000 00641nam a2200277Ia 4500
005 20260324133532.0
008 008 260324s9999 xx 000 0 eng d
020 _a9780203930090
037 _aEBOOK
040 _aCRL
040 _beng
040 _cCRL
041 _2eng
041 _aeng
084 _qCRL
100 _aPeter N. Stearns
_9998592
245 0 _aWestern Civilization in World History
260 _bTaylor and Francis
260 _c2003
365 _a
365 _b220
856 _uhttp://www.taylorfrancis.com/books/9780203930090
942 _cEBOOK
999 _c1792586
_d1792586